La constitucionalizacin̤ del derecho privado La verdadera historia del impacto constitucional en Colombia /

Detalles Bibliográficos
Autor principal: Caldern̤ Villegas, Juan Jacobo
Formato: eBook
Lenguaje:español
Publicado: Bogot:̀ Universidad de Los Andes (Colombia), 2013
Materias:
Acceso en línea:Acceso restringido

MARC

LEADER 00000nam a22000007a 4500
005 20190510132913.0
007 cr|||| ||||
008 190510s2013 co |||||s|||| 00||0 spa d
020 |a 978-958-35-0808-0 
035 |a 23347 
040 |a vLex 
090 |c 8677  |d 8677 
100 1 |a Caldern̤ Villegas, Juan Jacobo 
245 1 2 |a La constitucionalizacin̤ del derecho privado  |h [Recurso electrn̤ico] :  |b La verdadera historia del impacto constitucional en Colombia /  |c Juan Jacobo Caldern̤ Villegas 
256 |a Servicio en ln̕ea 
260 |a Bogot:̀  |b Universidad de Los Andes (Colombia),  |c 2013 
300 |a 1 recurso electrn̤ico 
500 |a La constitucionalizacin̤ del derecho privado ha sido un proceso de intervencin̤ de los derechos fundamentales en escenarios que tradicionalmente pretenden escudar con fuerza el principio de la autonoma̕ de la voluntad. Ha tenido como resultado la recomposicin̤ de las fuentes del derecho, el ajuste de las estrategias para su interpretacin̤ y el nacimiento de nuevas formas de litigio. La obra se ocupa de los asuntos centrales de la discusin̤ dogmt̀ica generada en el pas̕ alrededor de este fenm̤eno, precisando los aspectos ms̀ significativos de las batallas judiciales que lo han originado. Una vez all,̕ pretende contribuir a una comprensin̤ de la constitucionalizacin̤ que, adems̀ de ocuparse de lo que se dice en el papel, se pregunte por aquello que ocurre en la vida cuando la Constitucin̤ conmueve el derecho privado. 
506 1 |a Disponible solo en los productos indicados  |d vLex Global  |d vLex Global (Academic Edition, excluding Law Schools)  |d vLex Global (U.S. Academic Edition, Law Schools)  |d vLex Global (U.S. Academic Edition, excluding Law Schools)  |d vLex Global (Academic Edition, Law Schools) 
650 0 4 |a Derecho Civil  |z Colombia 
650 0 4 |a Derecho Constitucional  |z Colombia 
740 0 |a vLex Libros (Servicio en ln̕ea) 
856 4 0 |u http://vlex.com/source/constitucionalizacion-del-derecho-privado-la-verdadera-historia-del-impacto-constitucional-en-colombia-23347  |z Acceso restringido 
942 |c BOOK 
999 0 |a Civil Law 
999 0 |a Constitutional Law